All World Champions in WWE - Statistics

General Stats
  • This quiz has been taken 60 times
    12 since last reset
  • The average score is 182 of 216
Answer Stats
Answer % Correct
2011 | 2012-2013 | 1999-2000 Big Show
100%
2021-2022 Bobby Lashley
100%
1963-1971 | 1973-1977 Bruno Sammartino
100%
2011-2012 | 2013 | 2014 | 2018-2019 Daniel Bryan
100%
1994-1995 Diesel
100%
1997-1998 Shawn Michaels
100%
2002 HHH
100%
2002-2003 | 2003-2004 | 2004-2005 | +6 others HHH
100%
1984-1988 | 1989-1990 | 1993 | +2 others Hulk Hogan
100%
1988-1989 | 1992 Randy Savage
100%
2002 | 1996 Shawn Michaels
100%
1999 | 1998 | 2001 "Stone Cold" Steve Austin
100%
1999 Stone Cold Steve Austin
100%
1998 | 1999 | 2000 | +3 others The Rock
100%
1990-1991 Ultimate Warrior
100%
1993 | 1993-1994 Yokozuna
100%
2017-2018 AJ Styles
83%
2013 | 2011 Alberto Del Rio
83%
2004 Benoit
83%
2022 Big E
83%
2002 Big Show
83%
1978-1983 | 1994 Bob Backlund
83%
2020 Braun Strowman
83%
1992-1993 | 1994 | 1995-1996 | 1997 Bret Hart
83%
2017-2018 | 2018-2019 | 2019 | +6 others Brock Lesnar
83%
2008 | 2010 | 2001-2002 Chris Jericho
83%
2011 Christian
83%
2008 | 2009 | 2025 | +2 others CM Punk
83%
2025-2026 Cody Rhodes
83%
2024 Damian Priest
83%
2016 Dean Ambrose
83%
2024 | 2026 | 2020-2021 | 2020 Drew McIntyre
83%
2004 Eddie Guerrero
83%
2007 | 2007-2008 | 2008 | +6 others Edge
83%
2016-2017 AJ Styles
83%
2017 Bray Wyatt
83%
2024-2025 Cody Rhodes
83%
2016 Finnn Balor
83%
2017 John Cena
83%
2017 Randy Orton
83%
2011 Rey Mysterio
83%
2015 Seth Rollins
83%
2003 | 2017 | 2020 Goldberg
83%
2024-2025 | 2025 Gunther
83%
2009 | 2008-2009 Jeff Hardy
83%
2025 Jey Uso
83%
2004-2005 John Bradshaw Layfield
83%
2008-2009 | 2009 | 2013 | +10 others John Cena
83%
2010 Kane
83%
2016-2017 Kevin Owens
83%
2019 Kofi Kingston
83%
1999 | 1998-1999 | 1999 Mankind
83%
2011 Mark Henry
83%
2004 | 2011 | 2007 | +6 others Randy Orton
83%
2006 | 2010 Rey Mysterio
83%
1992 Ric Flair
83%
2018 | 2020-2024 | 2015 | +3 others Roman Reigns
83%
2019 | 2023-2024 | 2025 Seth Rollins
83%
2016 Seth Rolllins
83%
1991 Sgt. Slaughter
83%
2012 | 2010 | 2015 | 2009-2010 Sheamus
83%
1996-1997 | 1997 Sycho Sid
83%
2019-2020 | 2020 "The Fiend" Bray Wyatt
83%
2021 | 2010-2011 The Miz
83%
2007 | 2008 | 1997 | +2 others The Undertaker
83%
1988 Andre the Giant
67%
2005-2006 | 2006-2007 | 2007 | +3 others Batista
67%
2011 | 2013 Dolph Ziggler
67%
1977-1978 "Superstar" Billy Graham
67%
2000-2001 Kurt Angle
67%
2010 Jack Swagger
67%
2017 Jinder Mahal
67%
2006 King Booker
67%
2006 | 2002-2003 | 2003 Kurt Angle
67%
1983-1984 The Iron Sheik
67%
2009-2010 Undertaker
67%
1999 Vince McMahon
67%
1963 Buddy Rogers
50%
1971 Ivan Koloff
50%
1971-1973 Pedro Morales
50%
2006 Rob Van Dam
50%
2007 The Great Khali
50%
1973 Stan Stasiak
33%
1988 Ted Dibiase
17%
No matching quizzes found
Score Distribution
Percent of People with Each Score
Percentile by Number Answered
Your Score History
You have not taken this quiz since the last reset